|
|
|
|
| LEADER |
02211nam a22005055i 4500 |
| 001 |
978-3-540-75263-9 |
| 003 |
DE-He213 |
| 005 |
20151109191612.0 |
| 007 |
cr nn 008mamaa |
| 008 |
100301s2007 gw | s |||| 0|eng d |
| 020 |
|
|
|a 9783540752639
|9 978-3-540-75263-9
|
| 024 |
7 |
|
|a 10.1007/978-3-540-75263-9
|2 doi
|
| 040 |
|
|
|d GrThAP
|
| 050 |
|
4 |
|a TP248.13-248.65
|
| 072 |
|
7 |
|a TCB
|2 bicssc
|
| 072 |
|
7 |
|a SCI010000
|2 bisacsh
|
| 082 |
0 |
4 |
|a 660.6
|2 23
|
| 245 |
1 |
0 |
|a Cell Separation
|h [electronic resource] :
|b Fundamentals, Analytical and Preparative Methods /
|c edited by Ashok Kumar, Igor Yu Galaev, Bo Mattiasson.
|
| 246 |
3 |
|
|a With contributions by numerous experts
|
| 264 |
|
1 |
|a Berlin, Heidelberg :
|b Springer Berlin Heidelberg,
|c 2007.
|
| 300 |
|
|
|a XIII, 203 p.
|b online resource.
|
| 336 |
|
|
|a text
|b txt
|2 rdacontent
|
| 337 |
|
|
|a computer
|b c
|2 rdamedia
|
| 338 |
|
|
|a online resource
|b cr
|2 rdacarrier
|
| 347 |
|
|
|a text file
|b PDF
|2 rda
|
| 490 |
1 |
|
|a Advances in Biochemical Engineering/Biotechnology,
|x 0724-6145 ;
|v 106
|
| 505 |
0 |
|
|a Methods in Cell Separations -- Flow Cytometry and Cell Sorting -- Cell Isolation and Expansion Using Dynabeads ® -- Affinity Adsorption of Cells to Surfaces and Strategies for Cell Detachment -- Chromatography of Living Cells Using Supermacroporous Hydrogels, Cryogels -- Hollow-Fibre Affinity Cell Separation -- Cell Partitioning in Aqueous Two-Phase Polymer Systems -- Development of Separation Technique for Stem Cells.
|
| 650 |
|
0 |
|a Chemistry.
|
| 650 |
|
0 |
|a Analytical chemistry.
|
| 650 |
|
0 |
|a Biotechnology.
|
| 650 |
|
0 |
|a Cell biology.
|
| 650 |
1 |
4 |
|a Chemistry.
|
| 650 |
2 |
4 |
|a Biotechnology.
|
| 650 |
2 |
4 |
|a Cell Biology.
|
| 650 |
2 |
4 |
|a Analytical Chemistry.
|
| 700 |
1 |
|
|a Kumar, Ashok.
|e editor.
|
| 700 |
1 |
|
|a Galaev, Igor Yu.
|e editor.
|
| 700 |
1 |
|
|a Mattiasson, Bo.
|e editor.
|
| 710 |
2 |
|
|a SpringerLink (Online service)
|
| 773 |
0 |
|
|t Springer eBooks
|
| 776 |
0 |
8 |
|i Printed edition:
|z 9783540752622
|
| 830 |
|
0 |
|a Advances in Biochemical Engineering/Biotechnology,
|x 0724-6145 ;
|v 106
|
| 856 |
4 |
0 |
|u http://dx.doi.org/10.1007/978-3-540-75263-9
|z Full Text via HEAL-Link
|
| 912 |
|
|
|a ZDB-2-CMS
|
| 950 |
|
|
|a Chemistry and Materials Science (Springer-11644)
|